Statistics for Top U.S. States in Crude Oil Production

Click here to take the quiz!

General Stats

  • This quiz has been taken 26,512 times
    (26,207 since last reset)
  • The average score is 7 of 10

Answer Stats

Barrels/day%State% Correct
4,771,000+ 229Texas
96%
1,260,000+ 543New Mexico
83%
358,000- 33California
82%
392,000+ 74Oklahoma
82%
437,000- 22Alaska
81%
1,079,000+ 158North Dakota
68%
396,000+ 267Colorado
67%
90,000- 53Louisiana
65%
99,000+ 38Utah
63%
232,000+ 56Wyoming
59%

Score Distribution

Percentile by Number Answered

Percent of People with Each Score

Your Score History

You have not taken this quiz since the last reset